Quiz sur les Balkans - Statistiques

Statistiques générales
  • Ce quiz a été pris 358 fois
  • Le résultat moyen est 6 sur 10
Statistiques - réponses
Question Réponse % Correct
Le nom complet de la Yougoslavie République fédérative socialiste de Yougoslavie
88%
La monnaie utilisé en Serbie Dinar
84%
Le pays le plus grand des Balkans Roumanie
80%
Quel monument ne vient pas des Balkans Pont Charles
68%
Podgorica est la capitale de quel pays ? Monténégro
64%
Quelle rivière ne se situe pas dans les Balkans Volga
64%
Quel est l'intrus Hongrie
60%
Quelle montagne ne se situe pas dans les Balkans Uludag
48%
Quel pays des Balkans touche la Mer Noire Moldavie
32%
Quelle plat ne vient pas dans les Balkans Cevapi
0%
Aucun quiz correspondant
Distribution des résultats
% des personnes avec chaque résultat
Percentile par nombre de réponses
Votre historique - résultats
Vous n’avez pas pris ce quiz